Le Val d'Arno / (Record no. 136443)

MARC details
000 -LEADER
campo de control de longitud fija 00559nam a2200181 4500
001 - NÚMERO DE CONTROL
campo de control 136443
003 - IDENTIFICADOR DE NÚMERO DE CONTROL
campo de control ES-MaACL
005 - FECHA Y HORA DE LA ÚLTIMA TRANSACCIÓN
campo de control 20240516063048.0
007 - CAMPO FIJO DE DESCRIPCIÓN FÍSICA--INFORMACIÓN GENERAL
campo de control de longitud fija t|
008 - DATOS DE LONGITUD FIJA--INFORMACIÓN GENERAL
campo de control de longitud fija 070214s1911 fr r ||||1| fre d
100 0# - ENTRADA PRINCIPAL--NOMBRE DE PERSONA
Nombre de persona Ruskin, John,
Fechas asociadas al nombre 1819-1900
9 (RLIN) 101026
245 13 - MENCIÓN DEL TÍTULO
Título Le Val d'Arno /
Mención de responsabilidad, etc. John Ruskin ; traduit de l'anglais et annoté par E. Cammaerts.
260 ## - PUBLICACIÓN, DISTRIBUCIÓN, ETC.
Lugar de publicación, distribución, etc. Paris :
Nombre del editor, distribuidor, etc. H. Laurens,
Fecha de publicación, distribución, etc. 1911.
300 ## - DESCRIPCIÓN FÍSICA
Extensión XIX, 200 p. :
Otras características físicas il. ;
Dimensiones 25 x 16 cm.
700 1# - ENTRADA AGREGADA--NOMBRE PERSONAL
Nombre de persona Cammaerts, Emile.
9 (RLIN) 34089
852 ## - LOCALIZACIÓN
Ubicación ES-MaACL
Número de control de estantería F-6463
Holdings
Estatus retirado Estado de pérdida Estado de daño No para préstamo Biblioteca de origen Biblioteca actual Ubicación en estantería Fecha de adquisición Fuente de adquisición Total de préstamos Signatura topográfica completa Código de barras Visto por última vez Precio de reemplazo Tipo de ítem Koha
        Biblioteca del Ateneo de Madrid Biblioteca del Ateneo de Madrid Depósito 2 17/01/2008     F-6463 1142002 23/02/2023 23/02/2023 Libro impreso